Funk & Wagnalls Standard encyclopedic dictionary. (Запис № 499712)

МАРК-запис
000 -LEADER
fixed length control field 01242nam a22002771 4500
001 - CONTROL NUMBER
control field funkwagnallsstan00chic
003 - CONTROL NUMBER IDENTIFIER
control field CaSfIA
005 - DATE AND TIME OF LATEST TRANSACTION
control field 20210118085041.0
007 - PHYSICAL DESCRIPTION FIXED FIELD--GENERAL INFORMATION
fixed length control field cr||||
008 - FIXED-LENGTH DATA ELEMENTS--GENERAL INFORMATION
fixed length control field 731212s1966 iluac d 000 0 eng
035 ## - SYSTEM CONTROL NUMBER
-- (DLC) 66026533
010 ## - LIBRARY OF CONGRESS CONTROL NUMBER
LC control number 66026533
040 ## - CATALOGING SOURCE
Original cataloging agency DLC
Transcribing agency DLC
Modifying agency DLC
-- CaSfIA
050 00 - LIBRARY OF CONGRESS CALL NUMBER
Classification number PE1625
Item number .F8 1966
082 00 - DEWEY DECIMAL CLASSIFICATION NUMBER
Classification number 423
245 00 - TITLE STATEMENT
Title Funk & Wagnalls Standard encyclopedic dictionary.
Medium [electronic resource]
260 ## - PUBLICATION, DISTRIBUTION, ETC. (IMPRINT)
Place of publication, distribution, etc Chicago,
Name of publisher, distributor, etc J. G. Ferguson Pub. Co.
Date of publication, distribution, etc [1966]
300 ## - PHYSICAL DESCRIPTION
Extent xii, 1138 p.
Other physical details illus. (part col.) ports.
Dimensions 29 cm.
506 ## - RESTRICTIONS ON ACCESS NOTE
Standardized terminology for access restriction Необхідна авторизація на https://archive.org/ (створення облікового запису безкоштовно)
506 ## - RESTRICTIONS ON ACCESS NOTE
Standardized terminology for access restriction Необхідна авторизація на https://openlibrary.org/ (створення облікового запису безкоштовно)
650 #0 - SUBJECT ADDED ENTRY--TOPICAL TERM
Topical term or geographic name as entry element English language
General subdivision Dictionaries.
740 ## - ADDED ENTRY--UNCONTROLLED RELATED/ANALYTICAL TITLE
Uncontrolled related/analytical title Standard encyclopedic dictionary.
856 41 - ELECTRONIC LOCATION AND ACCESS
Uniform Resource Identifier <a href="http://www.archive.org/details/funkwagnallsstan00chic">http://www.archive.org/details/funkwagnallsstan00chic</a>
Public note Free eBook from the Internet Archive
856 42 - ELECTRONIC LOCATION AND ACCESS
Uniform Resource Identifier <a href="http://www.openlibrary.org/books/OL5994841M">http://www.openlibrary.org/books/OL5994841M</a>
Public note Additional information and access via Open Library
942 ## - ADDED ENTRY ELEMENTS (KOHA)
Koha item type ЕКнига

Немає доступних примірників.